Städtische Infrastruktur in Spätantike und Frühmittelalter: Perspektiven der Forschung

Saved in:
Bibliographic Details
Main Author: Prien, Roland (Author)
Format: Chapter/Article Conference Paper
Language:German
Published: 2015
In: Infrastruktur und Distribution zwischen Antike und Mittelalter
Year: 2015, Pages: 247-257
Online Access: Get full text
Author Notes:Roland Prien

MARC

LEADER 00000caa a2200000 c 4500
001 1867249421
003 DE-627
005 20250729144315.0
007 tu
008 231023s2015 xx ||||| 00| ||ger c
035 |a (DE-627)1867249421 
035 |a (DE-599)KXP1867249421 
040 |a DE-627  |b ger  |c DE-627  |e rda 
041 |a ger 
084 |a 60  |2 sdnb 
100 1 |a Prien, Roland  |e VerfasserIn  |0 (DE-588)104870632X  |0 (DE-627)781104351  |0 (DE-576)18891773X  |4 aut 
245 1 0 |a Städtische Infrastruktur in Spätantike und Frühmittelalter  |b Perspektiven der Forschung  |c Roland Prien 
264 1 |c 2015 
300 |a 11 
336 |a Text  |b txt  |2 rdacontent 
337 |a ohne Hilfsmittel zu benutzen  |b n  |2 rdamedia 
338 |a Band  |b nc  |2 rdacarrier 
773 0 8 |i Enthalten in  |t Infrastruktur und Distribution zwischen Antike und Mittelalter  |d Hamburg : Kovač, 2015  |g (2015), Seite 247-257  |h 273 S.  |w (DE-627)1614086389  |w (DE-576)428336620  |z 9783830078999  |z 3830078994  |7 nnam  |a Städtische Infrastruktur in Spätantike und Frühmittelalter Perspektiven der Forschung 
773 1 8 |g year:2015  |g pages:247-257  |g extent:11  |a Städtische Infrastruktur in Spätantike und Frühmittelalter Perspektiven der Forschung 
951 |a AR 
992 |a 20250729 
993 |a ConferencePaper 
994 |a 2015 
998 |g 104870632X  |a Prien, Roland  |m 104870632X:Prien, Roland  |d 70000  |d 71700  |d 71730  |e 70000PP104870632X  |e 71700PP104870632X  |e 71730PP104870632X  |k 0/70000/  |k 1/70000/71700/  |k 2/70000/71700/71730/  |p 1  |x j  |y j 
999 |a KXP-PPN1867249421  |e 4750572187 
BIB |a Y 
JSO |a {"recId":"1867249421","physDesc":[{"extent":"11 S."}],"title":[{"title":"Städtische Infrastruktur in Spätantike und Frühmittelalter","subtitle":"Perspektiven der Forschung","title_sort":"Städtische Infrastruktur in Spätantike und Frühmittelalter"}],"person":[{"family":"Prien","role":"aut","display":"Prien, Roland","given":"Roland"}],"language":["ger"],"type":{"bibl":"chapter"},"name":{"displayForm":["Roland Prien"]},"origin":[{"dateIssuedKey":"2015","dateIssuedDisp":"2015"}],"relHost":[{"person":[{"display":"Later, Christian","given":"Christian","role":"edt","family":"Later"},{"given":"Michaela","display":"Helmbrecht, Michaela","role":"edt","family":"Helmbrecht"},{"given":"Ursina","display":"Jecklin-Tischhauser, Ursina","family":"Jecklin-Tischhauser","role":"edt"}],"title":[{"subtitle":"Tagungsbeiträge der Arbeitsgemeinschaft Spätantike und Frühmittelalter. 8. Stadt, Land, Fluss – Infrastruktur und Distributionssysteme in Spätantike und Frühmittelalter (Lübeck, 2.–3. September 2013)","title_sort":"Infrastruktur und Distribution zwischen Antike und Mittelalter","title":"Infrastruktur und Distribution zwischen Antike und Mittelalter"}],"relMultPart":[{"id":{"issn":["1867-5425"],"eki":["611725851"],"zdb":["2520699-0"]},"part":{"number_sort":["8"],"number":["8"]},"origin":[{"publisherPlace":"Hamburg","dateIssuedKey":"2009","publisher":"Kovač","dateIssuedDisp":"2009-"}],"disp":"Studien zu Spätantike und Frühmittelalter","language":["ger"],"type":{"bibl":"serial"},"titleAlt":[{"title":"SAFM"},{"title":"Studien zu Spätantike und Frühmittelalter"}],"dispAlt":"Schriftenreihe Studien zu Spätantike und Frühmittelalter","physDesc":[{"noteFormat":"21 cm"}],"title":[{"title_sort":"Schriftenreihe Studien zu Spätantike und Frühmittelalter","title":"Schriftenreihe Studien zu Spätantike und Frühmittelalter"}],"recId":"611725851","pubHistory":["1.2009 -"]}],"physDesc":[{"noteIll":"Ill., Kt.","noteFormat":"210 mm x 148 mm, 352 g","extent":"273 S."}],"recId":"1614086389","part":{"pages":"247-257","year":"2015","extent":"11","text":"(2015), Seite 247-257"},"id":{"isbn":["9783830078999","3830078994"],"eki":["1614086389"]},"disp":"Städtische Infrastruktur in Spätantike und Frühmittelalter Perspektiven der ForschungInfrastruktur und Distribution zwischen Antike und Mittelalter","type":{"bibl":"edited-book"},"language":["ger"],"name":{"displayForm":["hrsg. von Christian Later ..."]},"origin":[{"publisher":"Kovač","dateIssuedKey":"2015","publisherPlace":"Hamburg","dateIssuedDisp":"2015"}]}],"id":{"eki":["1867249421"]}} 
SRT |a PRIENROLANSTAEDTISCH2015